<?xml version="1.0" encoding="UTF-8"?>
<collection xmlns="http://www.loc.gov/MARC21/slim">
  <record>
    <leader>00000nam  2200000   4500</leader>
    <controlfield tag="001">INLIS000000000018271</controlfield>
    <controlfield tag="005">20240923021038</controlfield>
    <datafield tag="035" ind1="#" ind2="#">
      <subfield code="a">0010-0924000100</subfield>
    </datafield>
    <controlfield tag="007">ta</controlfield>
    <controlfield tag="008">240923###########################0######</controlfield>
    <datafield tag="245" ind1="#" ind2="#">
      <subfield code="a">SIAP LINDUNGI :</subfield>
      <subfield code="b">Sistem Informasi Layanan Pengaduan Lingkungan Hidup /</subfield>
      <subfield code="c">Abihud Gifelem., S.T</subfield>
    </datafield>
    <datafield tag="260" ind1="#" ind2="#">
      <subfield code="a">Makassar :</subfield>
      <subfield code="b">Puslatbang KMP LAN RI Makassar,</subfield>
      <subfield code="c">2023</subfield>
    </datafield>
    <datafield tag="300" ind1="#" ind2="#">
      <subfield code="a">14 ;</subfield>
      <subfield code="c">30</subfield>
    </datafield>
    <datafield tag="700" ind1=" " ind2="#">
      <subfield code="a">Agustinus Assem.,S.H.,M.Si (Mentor)</subfield>
    </datafield>
    <datafield tag="700" ind1=" " ind2="#">
      <subfield code="a">Milawaty., S.S.,M.M (Coach)</subfield>
    </datafield>
    <datafield tag="520" ind1="#" ind2="#">
      <subfield code="a">Kabupaten Sorong memiliki luas wilayah mencapai 13.617,89 km2.Berdasarkan posisi geografis, terbagi dalam 33 distrik. Secara topografi Kabupaten Sorong sangat bervariasi mulai dataran rendah dan rráwa.Wilayah Kabupaten Sorong hampir 60 persen berupa daerah peguhungan dengan lereng-lereng yang curam Dua puluh persen topografi Kabupaten Sorong berupa dataran rendah dan sebagian berawa yang menyebar di bagian selatan sampai ke barat, situasi ini menjadi hambatan tersendiri dalam pelayanan pengaduan masyarakat terhadap masalah lingkungan karena adanya konsekuensi biaya dan waktu yang diperlukan untuk menyapaikan pengaduan. Adapun situasi tersebut dapat di ukur berdasarkandat data dan pegalaman, diantaranya yang pertama berdasarkan jumlah pengaduan yang tersampaikan ke Pos pengaduan Lingkungan Hldup pada 3 tahun terkhir berjumlah 5 masalah lingkungan yang di laporkan sesuai prosesdur, yang kedua seringkali masayarakat menyapaikan aduan secara spontan kepada pegawai pemerintah Kabupaten Sorong yang sedang melaksanakan tugas lain yang tidak berkaitan dengan layanan pengaduan sehingga tindak lanjut trhadap masalah tersbut tidak dapat dilakukan dengan cepat. Yang ketiga layanan yang saat ini di gunakan masi secara manual dimana pengadu lngsung datang membawa berkas ke Pos Pengaduan.</subfield>
    </datafield>
    <datafield tag="600" ind1="#" ind2="4">
      <subfield code="a">Layanan Pengaduan Lingkungan Hidup</subfield>
    </datafield>
    <datafield tag="856" ind1="#" ind2="#">
      <subfield code="a">Puslatbang KMP LAN RI Makassar</subfield>
    </datafield>
  </record>
</collection>
